[Event "Schwarzach op-C 20th"]
[Site "Schwarzach"]
[Date "2005.08.23"]
[Round "4.2"]
[White "Billing, Oliver"]
[Black "Nieke, Karl Friedrich"]
[Result "0-1"]
[WhiteElo "1549"]
[BlackElo "1621"]
[PlyCount "82"]
[EventDate "2005.08.20"]
[EventType "swiss"]
[EventRounds "9"]
[EventCountry "AUT"]
[SourceTitle "EXT 2024"]
[Source "ChessBase"]
[SourceDate "2023.10.10"]
[SourceVersion "1"]
[SourceVersionDate "2023.10.10"]
[SourceQuality "1"]

1. c4 Nf6 2. Nc3 e6 3. g3 Be7 4. Bg2 0-0 5. e3 d5 6. cxd5 exd5 7. d4 c6 8. Nge2 Bf5 9. 0-0 Nbd7 10. b3 Re8 11. Re1 Bd6 12. Bb2 Nf8 13. Nc1 Qd7 14. f3 Bh3 15. e4 dxe4 16. Nxe4 Nxe4 17. Rxe4 Rxe4 18. fxe4 Bxg2 19. Kxg2 Re8 20. e5 Bc7 21. Qf3 Rd8 22. Ne2 Qd5 23. Qxd5 Rxd5 24. Nf4 Rd8 25. Rd1 Bxe5 26. Ba3 Rxd4 27. Rxd4 Bxd4 28. Kf3 Nd7 29. Ne2 Bc5 30. Bb2 g6 31. h3 Kf8 32. Bc3 a6 33. Bb2 Ke7 34. Bc3 Nf6 35. Bb2 Nd5 36. Nc1 Ke6 37. Nd3 Bd6 38. a3 Ne7 39. Nc1 Be5 40. Bxe5 Kxe5 41. Ne2 Nf5 0-1

[Event "Augsburg Afro op"]
[Site "Augsburg"]
[Date "2003.08.10"]
[Round "7"]
[White "Gerber, Helmut"]
[Black "Billing, Oliver"]
[Result "1/2-1/2"]
[WhiteElo "1630"]
[BlackElo "1486"]
[PlyCount "67"]
[EventDate "2003.08.06"]
[EventType "swiss"]
[EventRounds "7"]
[EventCountry "GER"]
[SourceTitle "EXT 2006"]
[Source "ChessBase"]
[SourceDate "2005.11.24"]
[SourceVersion "1"]
[SourceVersionDate "2005.11.24"]
[SourceQuality "1"]

1. e4 c6 2. d4 d5 3. Nc3 dxe4 4. Nxe4 Bf5 5. Ng3 Bg6 6. h4 h6 7. Nh3 e6 8. Nf4 Bh7 9. Bc4 Nf6 10. c3 Bd6 11. 0-0 Qc7 12. Nfh5 Nxh5 13. Nxh5 0-0 14. Qg4 Bg6 15. Nxg7 Kxg7 16. h5 Nd7 17. hxg6 fxg6 18. Bxe6 Nf6 19. Qh3 Bf4 20. g3 Bxc1 21. Raxc1 Ne4 22. Rc2 Ng5 23. Qg4 Nf3+ 24. Kg2 h5 25. Qh3 Ng5 26. Qh4 Nxe6 27. Re2 Rae8 28. Rfe1 Qf7 29. f4 Nxf4+ 30. gxf4 Rxe2+ 31. Rxe2 Qxf4 32. Re7+ Kh6 33. Qxf4+ Rxf4 34. Rxb7 1/2-1/2

[Event "Augsburg Afro op"]
[Site "Augsburg"]
[Date "2003.08.09"]
[Round "5"]
[White "Billing, Oliver"]
[Black "Eberhart, Dieter"]
[Result "1-0"]
[WhiteElo "1486"]
[BlackElo "1284"]
[PlyCount "86"]
[EventDate "2003.08.06"]
[EventType "swiss"]
[EventRounds "7"]
[EventCountry "GER"]
[SourceTitle "EXT 2006"]
[Source "ChessBase"]
[SourceDate "2005.11.24"]
[SourceVersion "1"]
[SourceVersionDate "2005.11.24"]
[SourceQuality "1"]

1. e4 e5 2. Nf3 Nc6 3. d4 exd4 4. Bc4 Nf6 5. Bg5 Bb4+ 6. Nbd2 d6 7. a3 Bc5 8. b4 Bb6 9. 0-0 Ne5 10. Re1 0-0 11. a4 a6 12. b5 a5 13. h3 h6 14. Bh4 c6 15. Kh1 c5 16. Nh2 Nxc4 17. Nxc4 Bc7 18. Qf3 g5 19. Bg3 Be6 20. Nxd6 Bxd6 21. Bxd6 Bxh3 22. Bxf8 g4 23. Qf4 Nh5 24. Qxh6 Qxf8 25. Qxf8+ Kxf8 26. gxh3 gxh3 27. Rad1 Re8 28. Rd3 Nf6 29. Rxh3 Re6 30. e5 Nd7 31. c3 f6 32. cxd4 cxd4 33. f4 Nc5 34. Rc1 Nxa4 35. Rc8+ Kg7 36. Rg3+ Kh7 37. Rc7+ Kh8 38. Rxb7 fxe5 39. fxe5 Rxe5 40. Rbg7 Rxb5 41. R7g4 Rb1+ 42. Kg2 Rb2+ 43. Kh3 Rb4 1-0

[Event "Augsburg Afro op"]
[Site "Augsburg"]
[Date "2003.08.07"]
[Round "2"]
[White "Billing, Oliver"]
[Black "Hopf, Werner"]
[Result "1/2-1/2"]
[WhiteElo "1486"]
[BlackElo "1791"]
[PlyCount "81"]
[EventDate "2003.08.06"]
[EventType "swiss"]
[EventRounds "7"]
[EventCountry "GER"]
[SourceTitle "EXT 2006"]
[Source "ChessBase"]
[SourceDate "2005.11.24"]
[SourceVersion "1"]
[SourceVersionDate "2005.11.24"]
[SourceQuality "1"]

1. d4 d5 2. c4 c6 3. Nf3 Nf6 4. Nc3 e6 5. Bg5 Be7 6. e3 Nbd7 7. cxd5 exd5 8. Bd3 0-0 9. 0-0 Re8 10. Re1 Nf8 11. Qc2 Bg4 12. Ne5 Bh5 13. Be2 Bxe2 14. Rxe2 Bd6 15. Ng4 N8d7 16. e4 dxe4 17. Nxe4 Be7 18. Nexf6+ Nxf6 19. Bxf6 Bxf6 20. Rxe8+ Qxe8 21. Nxf6+ gxf6 22. Kf1 Rd8 23. Re1 Qd7 24. Re4 Qd5 25. Rg4+ Kh8 26. Rh4 f5 27. Rf4 Rg8 28. f3 Rg5 29. b3 Qd6 30. g3 Qe6 31. Qe2 Kg8 32. Qe5 Qxe5 33. dxe5 Kf8 34. Rd4 Ke7 35. f4 Rg8 36. b4 h5 37. a4 h4 38. Kf2 hxg3+ 39. hxg3 Rg6 40. Kf3 Rh6 41. Kg2 1/2-1/2